ARRUPE JESUIT UNIVERSITY

CORONAVIRUS -STOP THE SPREAD - CLEAN,DISINFECT,COVER

Choice and action (Record no. 25526)

MARC details
000 -LEADER
fixed length control field 00503nam a2200217Ia 4500
003 - CONTROL NUMBER IDENTIFIER
control field 0100
008 - FIXED-LENGTH DATA ELEMENTS--GENERAL INFORMATION
fixed length control field 130303s9999 xx 000 0 und d
020 ## - INTERNATIONAL STANDARD BOOK NUMBER
International Standard Book Number 0023991801
040 ## - CATALOGING SOURCE
Transcribing agency ARRUPELIB
050 ## - LIBRARY OF CONGRESS CALL NUMBER
Classification number BJ1025.R44 1981
300 ## - PHYSICAL DESCRIPTION
Other physical details 540p. 25cm.
100 ## - MAIN ENTRY--PERSONAL NAME
Personal name Reid, Charles L
245 ## - TITLE STATEMENT
Title Choice and action
245 ## - TITLE STATEMENT
Remainder of title a introduction to ethics
260 ## - PUBLICATION, DISTRIBUTION, ETC. (IMPRINT)
Place of publication, distribution, etc New York
260 ## - PUBLICATION, DISTRIBUTION, ETC. (IMPRINT)
Name of publisher, distributor, etc Macmillan Publishing Co., Inc.
260 ## - PUBLICATION, DISTRIBUTION, ETC. (IMPRINT)
-- 1981
300 ## - PHYSICAL DESCRIPTION
Extent xi
650 ## - SUBJECT ADDED ENTRY--TOPICAL TERM
Topical term or geographic name as entry element ETHICS
942 00 - ADDED ENTRY ELEMENTS (KOHA)
Koha issues (borrowed), all copies 12
Holdings
Withdrawn status Lost status Source of classification or shelving scheme Damaged status Not for loan Collection code Home library Current library Shelving location Date acquired Total Checkouts Full call number Barcode Date last seen Date checked out Copy number Price effective from Koha item type
    Library of Congress Classification     Main Collection ARRUPE LIBRARY ARRUPE LIBRARY   04/03/2013 14 BJ1025.R44 1981 46003088763 01/09/2017 30/08/2017 1 04/03/2013 Monograph ( Printed materials)

 

Arrupe Library. PO Box MP320 Mt Pleasant, Harare, Zimbabwe
263 242 745411|librarian@aju.ac.zw